000 01025nam a2200289 a 4500
001 637694
003 OSt
005 20231229144736.0
008 940701m19949999enka b 001 0 eng
010 _a 93074498
020 _a0412535203 (v. 1)
040 _aDLC
_cDLC
_dDLC
050 0 4 _aSF250.5
_b.M63 1994
082 0 0 _a637
_bROB/M
245 0 0 _aModern dairy technology /
_cedited by R.K. Robinson.
_badvances in milk processing
250 _a2nd ed.
260 _aLondon ;
_aNew York :
_bChapman & Hall,
_c1994-
300 _av. <1 > :
_bill. ;
_c23 cm.
504 _aIncludes bibliographical references and index.
505 1 _av. 1. Advances in milk processing.
650 0 _aDairy processing.
700 1 _aRobinson, R. K.
_q(Richard Kenneth)
_910240
740 0 _aDairy technology.
906 _a7
_bcbc
_corignew
_d2
_eopcn
_f19
_gy-gencatlg
942 _2ddc
_cBK
_h637
_iROB/M
_k637
_mROB/M
999 _c44244
_d44244